1059 1946 1293 1828 1889 1595 1089 1207 1581 1630 1730 1815 1750 1087 1112 1148 1278 1289 1381 1246 1634 1861 1679 1699 1656 1828 1283 1187 1769 1609 1902 1052 1851 1752 1459 1503 1839 1816 1432 1778 1843 1474 1247 1158 1937 1898 1525 1017 1292 1609 1767 1845 1476 1123 1174 1995 1505 1142 1129 1769 1068 1905 1616 1970 1692 1659 1691 1064 1164 1073 1088 1355 1537 1346 1800 1733 1782 1462 1560 1305 1010 1712 1468 1867 1964 1971 1008 1645 1825 1211 1106 1492 1582 1286 1386 1395 1556 1097 1882 BCNSPRNW ULIB Ver.6.0+V

เปลี่ยนเป็นภาษาไทย

Change to English
 แสดงรายละเอียดบรรณานุกรม
  กลับหน้าหลัก

Brief Record : Get Marc (ISO 2709) : E-mail record : QR code < ปิดหน้าต่าง
LEADER : 00000nam 2200000uu 4500
001    13399108370
003     ULIB
008    110302s2549||||th 000 0 tha d
020    9742442177
060 04 QV55^bค124บ 2549
245 00 บัญชียาจากสมุนไพร พ.ศ. 2549ตามประกาศคณะกรรมการแห่งชาติด้านยา (ฉบับที่ 5) พ.ศ. 2549 เรื่องบัญชียาหลักแห่งชาติ พ.ศ. 2547 (ฉบับที่ 4) =^bList ofherbal medicinal products A.D. 2006 /^cคณะกรรมการแห่งชาติด้านยา
246 30 บัญชียาหลักแห่งชาติ พ.ศ. 2547 (ฉบับที่ 4)
246 31 List of herbal medicine products A.D. 2006
260    กรุงเทพฯ :^bโรงพิมพ์ชุมนุมสหกรณ์แห่งประเทศไทย,^c2549
300    iii, ก-ฏ, 100 หน้า ;^c30 ซม.
650  7 ตำรับยาหลวง
650  7 ยาแผนโบราณ^zไทย
650  7 ยาสมุนไพร^zไทย
650  7 สมุนไพร
653    ยาจำเป็น
653    บัญชียาหลักแห่งชาติ
710 2  คณะกรรมการแห่งชาติด้านยา
945    ^p0^l0^i025723
945    ^p0^l0^i025724
945    ^p0^l0^i025721
945    ^p0^l0^i025129
945    ^p0^l0^i025127
945    ^p0^l0^i025126
945    ^p0^l0^i025125
945    ^p0^l0^i025722
945    ^p0^l0^i025720
945    ^p0^l0^i025128
995    ทศพร
999 ^a ใช้งานได้ทุกระบบ
รายการนี้ยังไม่มีแท็ก
คุณยังไม่ได้ล็อกอิน คุณสามารถมีกิจกรรมร่วมกับเว็บไซต์ได้ แต่ต้องล็อกอินก่อน ::
  ล็อกอิน

รายการสื่อสารสนเทศ

ลำดับที่ ประเภท เลขเรียก/บาร์โค้ด สถานที่ สถานะ
- ไม่พบข้อมูล -

รายการใกล้เคียง
    หัวเรื่อง [ตำรับยาหลวง]
    หัวเรื่อง [สมุนไพร]

BibComment


ยังไม่เคยถูกคอมเมนท์

คอมเมนท์ทรัพยากรรายการนี้
  คอมเมนท์: บัญชียาจากสมุนไพร..


 Copyright 2026. Bcnsprnw @Library